[Event "EIBCC 2019"]
[Site "Tallinn"]
[Date "2019.12.07"]
[Round "5.10"]
[White "Popov, Valerij"]
[Black "Kanep, Meelis"]
[Result "1-0"]
[WhiteElo "2547"]
[BlackElo "2280"]
[Annotator "ChessBase"]
[PlyCount "64"]
[EventDate "2019.12.06"]
[EventType "swiss"]
[EventCountry "EST"]
[SourceTitle "playchess.com"]
[Source "ChessBase"]
[SourceQuality "1"]

1. Nf3 Nf6 2. c4 d6 3. d4 g6 4. Nc3 Bf5 5. e3 Bg7 6. Bd3 Bxd3 7. Qxd3 O-O 8. O-O Nbd7 9. e4 c5 10. d5 a6 11. h3 b5 12. Rb1 bxc4 13. Qxc4 Nb6 14. Qd3 Nfd7 15. Bf4 a5 16. Rfe1 c4 17. Qe3 Nc5 18. Bh6 a4 19. Nd4 e5 20. Nc6 Qd7 21. Bxg7 Kxg7 22. Nxe5 dxe5 23. Qxc5 Rab8 24. Red1 Rfc8 25. Qe3 Qd6 26. Rd2 Rd8 27. a3 Ra8 28. Na2 Qf6 29. Rc1 Rdb8 30. Nb4 Rc8 31. Nc6 Nd7 32. Rxc4 Ra6 1-0

[Event "EIBCC 2019"]
[Site "Tallinn"]
[Date "2019.12.07"]
[Round "5.11"]
[White "Nazaretyan, Tigran"]
[Black "Ruck, Robert"]
[Result "0-1"]
[WhiteElo "2277"]
[BlackElo "2541"]
[Annotator "ChessBase"]
[PlyCount "125"]
[EventDate "2019.12.06"]
[EventType "swiss"]
[EventCountry "EST"]
[SourceTitle "playchess.com"]
[Source "ChessBase"]
[SourceQuality "1"]

1. d4 Nf6 2. c4 e6 3. Nf3 b6 4. a3 Ba6 5. Qa4 Bb7 6. Nc3 Be7 7. Qc2 d5 8. cxd5 Nxd5 9. e4 Nxc3 10. bxc3 O-O 11. Bd3 c5 12. O-O cxd4 13. cxd4 Qc8 14. Qe2 Ba6 15. Bf4 Bxd3 16. Qxd3 Qa6 17. Qb3 Nd7 18. a4 Rfc8 19. Qb5 Qb7 20. Rfe1 Nf6 21. Qd3 h6 22. h3 Bb4 23. Bd2 Bxd2 24. Nxd2 Rc7 25. e5 Nd5 26. Ne4 Nb4 27. Qf3 Nc2 28. Rec1 Nxa1 29. Rxc7 Qxc7 30. Nf6+ gxf6 31. Qxa8+ Kg7 32. exf6+ Kxf6 33. Qh8+ Ke7 34. Qxh6 Nb3 35. Qh4+ Ke8 36. Qh8+ Ke7 37. Qh4+ Kd7 38. Qf6 Ke8 39. Qh8+ Ke7 40. Qh4+ Kd7 41. Qf6 Kc8 42. h4 Qc1+ 43. Kh2 Qd1 44. Qxf7 Nxd4 45. Qf8+ Kd7 46. Qg7+ Kd6 47. Qg3+ Kd5 48. Qg5+ e5 49. Qd8+ Kc4 50. Qc7+ Kd5 51. Qd7+ Ke4 52. Qb7+ Kd3 53. Qxa7 Qg4 54. Qh7+ Kd2 55. Qh6+ Kd3 56. Qe3+ Kc4 57. g3 Nf3+ 58. Kg2 Nxh4+ 59. Kh2 Nf3+ 60. Kg2 e4 61. Qxb6 Ne1+ 62. Kf1 Nd3 63. Qb5+ 0-1

[Event "EIBCC 2019"]
[Site "Tallinn"]
[Date "2019.12.07"]
[Round "5.12"]
[White "Turov, Maxim"]
[Black "Heinzel, Olaf"]
[Result "1-0"]
[WhiteElo "2535"]
[BlackElo "2275"]
[Annotator "ChessBase"]
[PlyCount "45"]
[EventDate "2019.12.06"]
[EventType "swiss"]
[EventCountry "EST"]
[SourceTitle "playchess.com"]
[Source "ChessBase"]
[SourceQuality "1"]

1. d4 Nf6 2. Nf3 c5 3. g3 cxd4 4. Nxd4 Nc6 5. Bg2 e6 6. O-O Be7 7. c4 O-O 8. b3 a6 9. Bb2 Rb8 10. Nc3 Qc7 11. Rc1 b6 12. Nxc6 dxc6 13. c5 Bxc5 14. Na4 Nd7 15. Nxc5 Nxc5 16. b4 Rd8 17. Be5 Rxd1 18. Bxc7 Rxf1+ 19. Kxf1 Rb7 20. bxc5 Rxc7 21. cxb6 Rb7 22. Rxc6 Bd7 23. Rd6 1-0

[Event "EIBCC 2019"]
[Site "Tallinn"]
[Date "2019.12.07"]
[Round "5.13"]
[White "Usmanov, Vasily"]
[Black "Reizniece-Ozola, Dana"]
[Result "1-0"]
[WhiteElo "2495"]
[BlackElo "2275"]
[Annotator "ChessBase"]
[PlyCount "83"]
[EventDate "2019.12.06"]
[EventType "swiss"]
[EventCountry "EST"]
[SourceTitle "playchess.com"]
[Source "ChessBase"]
[SourceQuality "1"]

1. Nf3 Nf6 2. c4 g6 3. Nc3 Bg7 4. g3 O-O 5. Bg2 d6 6. d4 Nc6 7. d5 Na5 8. Nd2 c5 9. Qc2 a6 10. a4 Bd7 11. O-O Rb8 12. b3 b5 13. Bb2 bxc4 14. bxc4 Rb7 15. Rab1 Qc7 16. Ba3 Rfb8 17. Rxb7 Rxb7 18. Rb1 Ng4 19. Rxb7 Qxb7 20. e4 Bd4 21. Nd1 Qb8 22. h3 Ne5 23. Bf1 Qe8 24. Nc3 f5 25. Kg2 fxe4 26. Ndxe4 Nexc4 27. Bc1 Qa8 28. Be2 e6 29. Bf3 exd5 30. Nxd5 Bc6 31. Ne7+ Kg7 32. Nxc6 Qxc6 33. Nd2 d5 34. Nxc4 Nxc4 35. Qxc4 dxc4 36. Bxc6 a5 37. f4 Kf6 38. Bd5 c3 39. Bb3 h6 40. h4 g5 41. fxg5+ hxg5 42. Bxg5+ 1-0

[Event "EIBCC 2019"]
[Site "Tallinn"]
[Date "2019.12.07"]
[Round "5.14"]
[White "Valner, Uku"]
[Black "Potapov, Pavel"]
[Result "0-1"]
[WhiteElo "2274"]
[BlackElo "2464"]
[Annotator "ChessBase"]
[PlyCount "38"]
[EventDate "2019.12.06"]
[EventType "swiss"]
[EventCountry "EST"]
[SourceTitle "playchess.com"]
[Source "ChessBase"]
[SourceQuality "1"]

1. e4 c5 2. Nc3 Nc6 3. g3 g6 4. Bg2 Bg7 5. d3 Rb8 6. Be3 d6 7. Qd2 b5 8. Nge2 Nd4 9. O-O b4 10. Nd1 h5 11. c3 bxc3 12. bxc3 Nxe2+ 13. Qxe2 h4 14. d4 Qa5 15. Qc2 Ba6 16. Re1 hxg3 17. hxg3 cxd4 18. Bxd4 Bxd4 19. cxd4 Qxe1+ 0-1

[Event "EIBCC 2019"]
[Site "Tallinn"]
[Date "2019.12.07"]
[Round "5.15"]
[White "Ladva, Ottomar"]
[Black "Shvyrjov, Igor"]
[Result "1/2-1/2"]
[WhiteElo "2457"]
[BlackElo "2273"]
[Annotator "ChessBase"]
[PlyCount "121"]
[EventDate "2019.12.06"]
[EventType "swiss"]
[EventCountry "EST"]
[SourceTitle "playchess.com"]
[Source "ChessBase"]
[SourceQuality "1"]

1. d4 d6 2. e4 g6 3. Nc3 Bg7 4. Be3 c6 5. Qd2 b5 6. Bd3 Nd7 7. Nf3 Qc7 8. O-O Ngf6 9. Bh6 O-O 10. Ne2 e5 11. c3 a6 12. Ng3 Re8 13. Bxg7 Kxg7 14. h3 h6 15. Rae1 c5 16. Nh4 Nf8 17. d5 c4 18. Bc2 N8h7 19. f4 a5 20. fxe5 dxe5 21. Rf2 b4 22. Ref1 b3 23. axb3 cxb3 24. Bxb3 Qb6 25. Bc4 Bd7 26. Kh1 a4 27. d6 a3 28. bxa3 Rxa3 29. Qd3 Ra1 30. Rxf6 Nxf6 31. Rxa1 Rc8 32. Rf1 Qc5 33. Ba6 Qxc3 34. Qxc3 Rxc3 35. Nf3 Rc6 36. Be2 Rxd6 37. Nxe5 Be6 38. Rd1 Rb6 39. Nf3 Rb4 40. Bd3 Rb2 41. Rb1 Ra2 42. Rc1 Ra3 43. Bc4 Bxh3 44. gxh3 Rxf3 45. Kg2 Re3 46. Kf2 Ra3 47. Bd5 Ra5 48. Rd1 h5 49. Ne2 g5 50. Ng3 Kg6 51. Nf5 Nxd5 52. Rxd5 Rxd5 53. Ne7+ Kf6 54. Nxd5+ Ke5 55. Ke3 f5 56. Nc3 g4 57. exf5 gxh3 58. Kf3 Kxf5 59. Kg3 h4+ 60. Kxh3 Kg5 61. Nd5 1/2-1/2

[Event "EIBCC 2019"]
[Site "Tallinn"]
[Date "2019.12.07"]
[Round "5.16"]
[White "Frischmann, Rick"]
[Black "Luukkonen, Tommi"]
[Result "0-1"]
[WhiteElo "2450"]
[BlackElo "2269"]
[Annotator "ChessBase"]
[PlyCount "106"]
[EventDate "2019.12.06"]
[EventType "swiss"]
[EventCountry "EST"]
[SourceTitle "playchess.com"]
[Source "ChessBase"]
[SourceQuality "1"]

1. e4 c5 2. Nf3 d6 3. Bb5+ Nd7 4. Ba4 Ngf6 5. O-O e6 6. c4 Nxe4 7. Re1 Nef6 8. d4 Be7 9. d5 e5 10. Nxe5 dxe5 11. d6 O-O 12. Nc3 Nb6 13. dxe7 Qxe7 14. Bc2 Bg4 15. Qd3 Rad8 16. Qg3 Qe6 17. Bg5 Nh5 18. Qh4 f6 19. Be3 g5 20. Bxg5 fxg5 21. Qxg5+ Ng7 22. Rxe5 Qf6 23. Ne4 Qxg5 24. Nxg5 Bf5 25. Bb3 h6 26. Nf3 Bg4 27. Rxc5 Bxf3 28. gxf3 Rxf3 29. Rc7 Kh8 30. c5 Nd5 31. Rxb7 Nf4 32. Re1 Nd3 33. Ree7 Nxc5 34. Rxg7 Nxb7 35. Rxb7 Rd2 36. Rxa7 Rfxf2 37. h4 Rxb2 38. h5 Rfd2 39. Rf7 Rg2+ 40. Kf1 Rh2 41. Kg1 Rxh5 42. Rf4 Rc5 43. Rf6 Rc1+ 44. Rf1 Rxf1+ 45. Kxf1 Kg7 46. Kg1 h5 47. Bd5 h4 48. a4 Kf6 49. Bc6 Ra2 50. Kh1 Kg5 51. Bd5 Rd2 52. Bc6 Kf4 53. a5 Kg3 0-1

[Event "EIBCC 2019"]
[Site "Tallinn"]
[Date "2019.12.07"]
[Round "5.17"]
[White "Galopoulos, Nikolaos"]
[Black "Lavendelis, Egons"]
[Result "1-0"]
[WhiteElo "2429"]
[BlackElo "2264"]
[Annotator "ChessBase"]
[PlyCount "149"]
[EventDate "2019.12.06"]
[EventType "swiss"]
[EventCountry "EST"]
[SourceTitle "playchess.com"]
[Source "ChessBase"]
[SourceQuality "1"]

1. d4 Nf6 2. c4 g6 3. Nc3 d5 4. Nf3 Bg7 5. cxd5 Nxd5 6. Na4 O-O 7. e4 Nb6 8. Be3 Bg4 9. Nc5 Bxf3 10. gxf3 Qc8 11. h4 N8d7 12. Rc1 Nxc5 13. Rxc5 Nd7 14. Rc2 h5 15. f4 Nf6 16. f3 e6 17. Kf2 c6 18. b4 Qd7 19. Bh3 Qe7 20. d5 exd5 21. Bc5 Nxe4+ 22. fxe4 Qxh4+ 23. Kg2 Qxf4 24. Bxf8 Qxe4+ 25. Kg1 Bd4+ 26. Kh2 Be5+ 27. Kg1 Rxf8 28. Rd2 Qxb4 29. Bg2 d4 30. Be4 Qe7 31. Rg2 Bf4 32. Qxh5 Be3+ 33. Kf1 Qf6+ 34. Bf3 Qg7 35. Qg4 Re8 36. Be2 c5 37. Bc4 Kf8 38. Qf3 b6 39. Rgh2 Kg8 40. Qh3 Qf6+ 41. Ke2 Bf4+ 42. Kd1 Bxh2 43. Rxh2 Qg7 44. Rf2 Rf8 45. Qd7 d3 46. Bxd3 Qa1+ 47. Ke2 Qe5+ 48. Kd2 Qb2+ 49. Bc2 Qd4+ 50. Qxd4 cxd4 51. Kd3 Rd8 52. Bb3 Rd7 53. Ba4 Rd6 54. Be8 f5 55. Re2 Kf8 56. Ba4 Kf7 57. Bb3+ Kf6 58. Re8 g5 59. Rf8+ Ke5 60. Rf7 a5 61. a4 g4 62. Bd1 Rc6 63. Re7+ Kf4 64. Re1 Rd6 65. Rf1+ Kg5 66. Bc2 f4 67. Ke4 Re6+ 68. Kxd4 f3 69. Bd1 Kf4 70. Kd5 Rh6 71. Re1 Rh5+ 72. Kd4 Kg3 73. Re4 Rg5 74. Ke3 Kg2 75. Rxg4+ 1-0

[Event "EIBCC 2019"]
[Site "Tallinn"]
[Date "2019.12.07"]
[Round "5.18"]
[White "Nguyen, Thai Dai Van"]
[Black "Promyshlyanskiy, Vitaliy"]
[Result "1/2-1/2"]
[WhiteElo "2419"]
[BlackElo "2260"]
[Annotator "ChessBase"]
[PlyCount "148"]
[EventDate "2019.12.06"]
[EventType "swiss"]
[EventCountry "EST"]
[SourceTitle "playchess.com"]
[Source "ChessBase"]
[SourceQuality "1"]

1. d4 Nc6 2. Nf3 d6 3. e4 Nf6 4. Nc3 g6 5. Be2 Bg7 6. O-O O-O 7. Re1 e5 8. Be3 exd4 9. Nxd4 Re8 10. Nxc6 bxc6 11. Qd3 a5 12. f3 Nd7 13. Rad1 Qe7 14. Qd2 Rb8 15. b3 d5 16. Bd4 Bxd4+ 17. Qxd4 c5 18. Qxd5 Nb6 19. Qd2 Be6 20. Qe3 c4 21. bxc4 Bxc4 22. Bxc4 Nxc4 23. Qd4 Nb6 24. Rb1 Red8 25. Qf2 Qe5 26. Nd1 Qe6 27. a3 Nc4 28. Rxb8 Rxb8 29. Ne3 Nxa3 30. Qg3 Qd6 31. Qxd6 cxd6 32. Ra1 Rb1+ 33. Rxb1 Nxb1 34. Kf2 a4 35. c4 a3 36. Nc2 a2 37. Ke2 Na3 38. Na1 Nxc4 39. Kd3 Nb6 40. Kc3 d5 41. Kb2 dxe4 42. fxe4 Na4+ 43. Kxa2 Nc3+ 44. Kb3 Nxe4 45. Nc2 f5 46. Kc4 Kf7 47. Kd3 Kf6 48. Ke3 Ke5 49. Ne1 g5 50. Nd3+ Kf6 51. g4 Nd6 52. gxf5 Kxf5 53. h3 Nc4+ 54. Kf3 Ne5+ 55. Nxe5 Kxe5 56. Kg4 Kf6 57. h4 h6 58. hxg5+ hxg5 59. Kg3 Kg6 60. Kg4 Kh6 61. Kg3 Kh5 62. Kh3 Kg6 63. Kg4 Kf6 64. Kg3 Kf5 65. Kf3 g4+ 66. Kg3 Kg5 67. Kg2 Kf4 68. Kf2 g3+ 69. Kg2 Kg4 70. Kg1 Kf4 71. Kg2 Kg4 72. Kg1 Kh3 73. Kh1 g2+ 74. Kg1 Kg3 1/2-1/2

[Event "EIBCC 2019"]
[Site "Tallinn"]
[Date "2019.12.07"]
[Round "5.19"]
[White "Rocha, Sergio"]
[Black "Aleksandrov, Aleksej"]
[Result "0-1"]
[WhiteElo "2249"]
[BlackElo "2416"]
[Annotator "NA"]
[PlyCount "96"]
[EventDate "2019.12.06"]
[EventType "swiss"]
[EventCountry "EST"]
[SourceTitle "playchess.com"]
[Source "ChessBase"]
[SourceQuality "1"]

1. e4 e5 2. Nf3 Nc6 3. Bc4 Bc5 4. O-O Nf6 5. d3 d6 6. c3 h6 7. a4 a5 8. Nbd2 O-O 9. Re1 Ne7 10. Bb3 Ng6 11. d4 Ba7 12. Nf1 Bg4 13. dxe5 Nxe5 14. Ng3 Nfd7 15. Be3 Bxe3 16. Rxe3 Nc5 17. Bd5 c6 18. Ba2 Qf6 19. Qd4 Bxf3 20. gxf3 Nxf3+ 21. Rxf3 Qxf3 22. Re1 Ne6 23. Qc4 Nf4 24. Qf1 Qd3 25. Rd1 Qxf1+ 26. Kxf1 Rad8 27. f3 g6 28. Kf2 Kg7 29. Ke3 Ne6 30. Bb3 Rfe8 31. Kf2 Nc5 32. Bc2 b6 33. h4 h5 34. Rg1 Kf6 35. Ne2 d5 36. Ke3 dxe4 37. fxe4 Rd6 38. Rf1+ Kg7 39. b4 Nd7 40. Nd4 Ne5 41. bxa5 bxa5 42. Bb3 c5 43. Nb5 Rd3+ 44. Kf4 Rh3 45. Kg5 Nf3+ 46. Kf4 Nd2 47. Bxf7 Rxe4+ 48. Kg5 Rg4# 0-1

[Event "EIBCC 2019"]
[Site "Tallinn"]
[Date "2019.12.07"]
[Round "5.20"]
[White "Troyke, Christian"]
[Black "Volodin, Aleksandr"]
[Result "0-1"]
[WhiteElo "2247"]
[BlackElo "2401"]
[Annotator "ChessBase"]
[PlyCount "130"]
[EventDate "2019.12.06"]
[EventType "swiss"]
[EventCountry "EST"]
[SourceTitle "playchess.com"]
[Source "ChessBase"]
[SourceQuality "1"]

1. g3 d5 2. Bg2 c5 3. Nf3 Nf6 4. O-O h6 5. c4 d4 6. d3 Nc6 7. e3 e6 8. exd4 cxd4 9. Na3 Bd6 10. Nc2 e5 11. b4 O-O 12. b5 Ne7 13. Re1 Ng6 14. Ba3 Re8 15. Qd2 Bxa3 16. Nxa3 Qd6 17. Nc2 Bf5 18. Rac1 Rac8 19. a4 Qd7 20. Nb4 b6 21. Nc6 Qc7 22. c5 bxc5 23. Rxc5 Qd6 24. Rcc1 a6 25. Nfxe5 Nxe5 26. Qf4 axb5 27. axb5 Bxd3 28. Rxe5 Rxe5 29. Nxe5 Rxc1+ 30. Qxc1 Qxe5 31. b6 Be4 32. Qc7 Qxc7 33. bxc7 Bf5 34. Bb7 Ne8 35. c8=Q Bxc8 36. Bxc8 Nd6 37. Ba6 Kf8 38. Kf1 Ke7 39. Ke2 Ke6 40. Kd3 Kd5 41. f3 f6 42. Kd2 Nf7 43. Bb7+ Kc5 44. f4 Nd6 45. Bf3 Kc4 46. Be2+ Kd5 47. Bf3+ Kc4 48. Be2+ Kc5 49. Kd3 g5 50. fxg5 fxg5 51. Bg4 Kd5 52. Bf3+ Ke5 53. Bg4 Ne8 54. Bf3 Nc7 55. Kc4 Ne6 56. Bg4 Ng7 57. Kd3 Ne8 58. Kc4 Ke4 59. Bh5 Nf6 60. Bg6+ Ke3 61. Kc5 d3 62. Kd6 Ne4+ 63. Ke5 d2 64. Bh5 Nc3 65. Kf6 Ne2 0-1

[Event "EIBCC 2019"]
[Site "Tallinn"]
[Date "2019.12.07"]
[Round "5.21"]
[White "Shubin, Kirill"]
[Black "Vasiliev, Georgiy"]
[Result "1-0"]
[WhiteElo "2401"]
[BlackElo "2126"]
[Annotator "ChessBase"]
[PlyCount "111"]
[EventDate "2019.12.06"]
[EventType "swiss"]
[EventCountry "EST"]
[SourceTitle "playchess.com"]
[Source "ChessBase"]
[SourceQuality "1"]

1. e4 c6 2. d4 Na6 3. Nf3 g6 4. Nc3 Nc7 5. Be3 d5 6. e5 Nh6 7. Bd3 Nf5 8. Bxf5 Bxf5 9. Qd2 h5 10. Ne2 Qd7 11. Ng3 Bg4 12. h4 Bxf3 13. gxf3 Ne6 14. f4 Ng7 15. O-O-O Nf5 16. Nxf5 Qxf5 17. Qb4 Qd7 18. e6 fxe6 19. Rhg1 Kf7 20. Rg2 Bh6 21. Rdg1 Rhg8 22. Kb1 Qd6 23. Qd2 Bf8 24. Qd3 e5 25. fxe5 Qe6 26. f4 Bh6 27. f5 gxf5 28. Bxh6 Rg4 29. Bg5 a5 30. a3 Rg8 31. Rxg4 hxg4 32. Rf1 Kg6 33. Rf4 c5 34. c3 cxd4 35. cxd4 Rf8 36. Rxg4 Kh5 37. Rf4 Qc8 38. Qf3+ Kg6 39. Bxe7 Re8 40. h5+ Kh7 41. Bd6 Rg8 42. Qd3 Rg1+ 43. Ka2 Rg5 44. Qc3 Qg8 45. Qc7+ Rg7 46. Qc2 Rg2 47. Qxf5+ Kh8 48. Qf6+ Kh7 49. Qf7+ Rg7 50. Qxg8+ Kxg8 51. e6 Rg5 52. e7 Re5 53. dxe5 b5 54. e8=Q+ Kg7 55. Qg6+ Kh8 56. Rf8# 1-0

[Event "EIBCC 2019"]
[Site "Tallinn"]
[Date "2019.12.07"]
[Round "5.22"]
[White "Studer, Noel"]
[Black "Stabulnieks, Klavs"]
[Result "1-0"]
[WhiteElo "2394"]
[BlackElo "2069"]
[Annotator "NA"]
[PlyCount "57"]
[EventDate "2019.12.06"]
[EventType "swiss"]
[EventCountry "EST"]
[SourceTitle "playchess.com"]
[Source "ChessBase"]
[SourceQuality "1"]

1. d4 Nf6 2. c4 g6 3. Nc3 d5 4. cxd5 Nxd5 5. e4 Nxc3 6. bxc3 Bg7 7. Qa4+ c6 8. Nf3 O-O 9. Be2 Nd7 10. O-O e5 11. Bg5 Qc7 12. Rad1 b6 13. Rfe1 Bb7 14. Qa3 Rfe8 15. Bf1 h6 16. Bh4 exd4 17. cxd4 Nf6 18. Ne5 c5 19. Bc4 Rxe5 20. dxe5 Qxe5 21. Bg3 Qe8 22. e5 Ne4 23. Qb3 Bc6 24. Bd5 Nxg3 25. hxg3 Ba4 26. Bxf7+ Qxf7 27. Qxa4 Rf8 28. Qc2 Qe6 29. Rd6 1-0

[Event "EIBCC 2019"]
[Site "Tallinn"]
[Date "2019.12.07"]
[Round "5.23"]
[White "Sargissian, Gabriel"]
[Black "Kirchei, Viktoriia"]
[Result "1-0"]
[WhiteElo "2676"]
[BlackElo "2040"]
[Annotator "ChessBase"]
[PlyCount "55"]
[EventDate "2019.12.06"]
[EventType "swiss"]
[EventCountry "EST"]
[SourceTitle "playchess.com"]
[Source "ChessBase"]
[SourceQuality "1"]

1. d4 Nf6 2. c4 e6 3. Nf3 Bb4+ 4. Nbd2 O-O 5. a3 Bxd2+ 6. Qxd2 d5 7. e3 a6 8. b3 Nbd7 9. Be2 Ne4 10. Qc2 c6 11. O-O Ndf6 12. Bb2 Re8 13. Ne5 Qc7 14. Bd3 c5 15. f3 cxd4 16. exd4 Nd6 17. c5 Nb5 18. Rae1 h6 19. g4 Bd7 20. h4 b6 21. g5 Nh5 22. gxh6 gxh6 23. Qd2 Kg7 24. Kf2 Rh8 25. a4 Na7 26. Rg1+ Kf8 27. cxb6 Qxb6 28. Nxd7+ 1-0

[Event "EIBCC 2019"]
[Site "Tallinn"]
[Date "2019.12.07"]
[Round "5.24"]
[White "Motylev, Alexander"]
[Black "Jarvenpaa, Jari"]
[Result "1-0"]
[WhiteElo "2629"]
[BlackElo "2293"]
[Annotator "ChessBase"]
[PlyCount "55"]
[EventDate "2019.12.06"]
[EventType "swiss"]
[EventCountry "EST"]
[SourceTitle "playchess.com"]
[Source "ChessBase"]
[SourceQuality "1"]

1. e4 c6 2. Nf3 d5 3. d3 Bg4 4. Nbd2 e6 5. h3 Bh5 6. Be2 Nd7 7. O-O Bd6 8. Re1 Qc7 9. b3 dxe4 10. dxe4 Ne7 11. Bb2 f6 12. Nd4 Bf7 13. Bc4 Nf8 14. Qg4 Qd7 15. Qxg7 Rg8 16. Qxf6 Rg6 17. Qf3 Be5 18. Rad1 Bxd4 19. Nf1 Bxf2+ 20. Qxf2 Qc7 21. Ne3 Nd7 22. Rf1 Bg8 23. Rxd7 Kxd7 24. Ng4 Re8 25. Ne5+ Kc8 26. Qxa7 Rh6 27. Ng4 Rg6 28. Be5 1-0

[Event "EIBCC 2019"]
[Site "Tallinn"]
[Date "2019.12.07"]
[Round "5.25"]
[White "Picard, Romain"]
[Black "Ziska, Helgi Dam"]
[Result "1-0"]
[WhiteElo "2279"]
[BlackElo "2614"]
[Annotator "ChessBase"]
[PlyCount "137"]
[EventDate "2019.12.06"]
[EventType "swiss"]
[EventCountry "EST"]
[SourceTitle "playchess.com"]
[Source "ChessBase"]
[SourceQuality "1"]

1. e4 c5 2. Nf3 d6 3. d4 cxd4 4. Nxd4 Nf6 5. Nc3 a6 6. Be2 e5 7. Nb3 Be7 8. O-O O-O 9. Kh1 b6 10. f3 Bb7 11. Be3 Nbd7 12. a4 Rc8 13. Rf2 Rc7 14. Bf1 Qa8 15. Rd2 Rfc8 16. Qe1 d5 17. exd5 Bb4 18. d6 Rxc3 19. bxc3 Bxc3 20. Rad1 Nd5 21. Bf2 Nb4 22. Qe2 Bxd2 23. Rxd2 Bd5 24. Nc1 Bc4 25. Nd3 a5 26. Qd1 Nd5 27. Qe1 Qc6 28. Nxe5 Nxe5 29. Qxe5 Re8 30. Qd4 Bxf1 31. Qxd5 Qd7 32. Bxb6 Ba6 33. h3 Bb7 34. Qc5 Bc6 35. Kh2 h6 36. Qxa5 Bxa4 37. Qa7 Rc8 38. Qxd7 Bxd7 39. Bc7 f6 40. c4 Kf7 41. c5 Re8 42. c6 Bxc6 43. d7 Bxd7 44. Rxd7+ Kg6 45. Kg3 Re2 46. Bb6 Rc2 47. Ba5 Rb2 48. Bc3 Rb3 49. Ba5 Rb2 50. h4 Rb5 51. Bc3 h5 52. Bd2 Rb3 53. Bf4 Rb5 54. Rc7 Rd5 55. Be3 Rd3 56. Kf2 Rb3 57. Rc4 Rb2+ 58. Kg3 Rb5 59. Bf2 Rb3 60. Re4 Rb7 61. Rc4 Kf5 62. Rc5+ Kg6 63. Rc6 Kf5 64. Bb6 Kg6 65. Ba5 Rb5 66. Bc3 Rb3 67. Bd4 Rb4 68. Bc5 Rc4 69. Rc7 1-0

[Event "EIBCC 2019"]
[Site "Tallinn"]
[Date "2019.12.07"]
[Round "5.26"]
[White "Vlassow, Valentin"]
[Black "Esipenko, Andrey"]
[Result "0-1"]
[WhiteElo "2265"]
[BlackElo "2582"]
[Annotator "ChessBase"]
[PlyCount "50"]
[EventDate "2019.12.06"]
[EventType "swiss"]
[EventCountry "EST"]
[SourceTitle "playchess.com"]
[Source "ChessBase"]
[SourceQuality "1"]

1. e4 c6 2. d4 d5 3. exd5 cxd5 4. Bf4 Nc6 5. c3 Nf6 6. Bd3 Bg4 7. Qb3 Qc8 8. Nd2 e6 9. Ngf3 Be7 10. O-O Bh5 11. Rae1 O-O 12. Ne5 Nxe5 13. dxe5 Nd7 14. c4 Nc5 15. Bxh7+ Kxh7 16. Qh3 Kg8 17. Qxh5 Nd3 18. Qg4 f5 19. exf6 Bxf6 20. Re3 Nxf4 21. Qxf4 Bc3 22. Qxf8+ Qxf8 23. Rxc3 Qf4 24. Rd1 Qd4 25. cxd5 exd5 0-1

[Event "EIBCC 2019"]
[Site "Tallinn"]
[Date "2019.12.07"]
[Round "5.27"]
[White "Meyer, Falko"]
[Black "Kulaots, Kaido"]
[Result "0-1"]
[WhiteElo "2248"]
[BlackElo "2562"]
[Annotator "ChessBase"]
[PlyCount "114"]
[EventDate "2019.12.06"]
[EventType "swiss"]
[EventCountry "EST"]
[SourceTitle "playchess.com"]
[Source "ChessBase"]
[SourceQuality "1"]

1. d4 Nf6 2. Nc3 d5 3. Bg5 Nbd7 4. Qd3 h6 5. Bf4 c6 6. Nf3 g6 7. Ne5 Bg7 8. h4 O-O 9. O-O-O Nxe5 10. Bxe5 Bf5 11. Qd2 h5 12. f3 a5 13. g4 hxg4 14. h5 Nxh5 15. Rxh5 gxh5 16. Bxg7 Kxg7 17. Qg5+ Bg6 18. fxg4 e6 19. Qe3 hxg4 20. Bg2 Qd6 21. Rf1 a4 22. Qg5 Qd8 23. Qe5+ f6 24. Qxe6 Qc8 25. Qe7+ Rf7 26. Qe3 a3 27. Rh1 Rf8 28. bxa3 Rxa3 29. Qe7+ Rf7 30. Qxa3 Qf5 31. e4 Qf2 32. Qa8 Bh7 33. Qe8 Bg8 34. exd5 Qxg2 35. Re1 Bh7 36. Re2 Qg1+ 37. Kb2 Qxd4 38. a3 cxd5 39. Re7 Bg6 40. Rxf7+ Bxf7 41. Qd7 g3 42. Qh3 Qe5 43. Qg4+ Qg5 44. Qd1 g2 45. Qg1 Bh5 46. Nb5 Bf3 47. Nd4 Qg4 48. a4 Be4 49. a5 Qf4 50. Ne2 Qd2 51. Qf2 Qxc2+ 52. Ka3 Qxe2 53. Qxe2 g1=Q 54. Kb4 Qd4+ 55. Ka3 Qc5+ 56. Kb2 Qb4+ 57. Kc1 Qc4+ 0-1

[Event "EIBCC 2019"]
[Site "Tallinn"]
[Date "2019.12.07"]
[Round "5.28"]
[White "Pohjala, Henri"]
[Black "Bru Rullo, Llatzer"]
[Result "1-0"]
[WhiteElo "2447"]
[BlackElo "2242"]
[Annotator "NA"]
[PlyCount "105"]
[EventDate "2019.12.06"]
[EventType "swiss"]
[EventCountry "EST"]
[SourceTitle "playchess.com"]
[Source "ChessBase"]
[SourceQuality "1"]

1. d4 Nf6 2. Bg5 b6 3. e3 Bb7 4. Nd2 g6 5. Ngf3 Bg7 6. Bd3 d6 7. O-O Nbd7 8. Qe2 O-O 9. e4 h6 10. Bh4 e5 11. dxe5 dxe5 12. Rad1 Qe8 13. Ba6 Bxa6 14. Qxa6 Qe6 15. Rfe1 Nc5 16. Qc4 Qxc4 17. Nxc4 g5 18. Bg3 Nfxe4 19. Bxe5 Bxe5 20. Ncxe5 Nf6 21. Nd4 Rad8 22. Nec6 Rd7 23. Nf5 Rxd1 24. Rxd1 Kh7 25. b3 Re8 26. Kf1 Re6 27. Ncd4 Re5 28. Ne3 Ne6 29. Nf3 Rc5 30. c4 Rc6 31. Ne5 Rd6 32. Rxd6 cxd6 33. Nc6 a5 34. Na7 Nd4 35. Ke1 Nd7 36. Nd5 Kg6 37. Nc8 b5 38. Nxd6 bxc4 39. Nxc4 Nc2+ 40. Kd2 Nb4 41. Nxb4 axb4 42. Kd3 Kf5 43. Kd4 Kf4 44. Ne3 f5 45. Nd5+ Kg4 46. Nxb4 f4 47. f3+ Kh4 48. a4 g4 49. fxg4 Kxg4 50. Nd3 f3 51. gxf3+ Kxf3 52. Ne5+ Nxe5 53. Kxe5 1-0

[Event "EIBCC 2019"]
[Site "Tallinn"]
[Date "2019.12.07"]
[Round "5.29"]
[White "Krupenski, Juri"]
[Black "Lazavik, Denis"]
[Result "0-1"]
[WhiteElo "2413"]
[BlackElo "2222"]
[Annotator "NA"]
[PlyCount "60"]
[EventDate "2019.12.06"]
[EventType "swiss"]
[EventCountry "EST"]
[SourceTitle "playchess.com"]
[Source "ChessBase"]
[SourceQuality "1"]

1. d4 d5 2. c4 c6 3. Nf3 Nf6 4. Nbd2 Bf5 5. Nh4 Be6 6. e3 g6 7. Be2 Bg7 8. O-O O-O 9. b4 a5 10. bxa5 Qxa5 11. Nb3 Qc7 12. Nc5 Bc8 13. a4 Nbd7 14. Ba3 Nxc5 15. Bxc5 Ne4 16. Bb4 c5 17. f3 cxb4 18. fxe4 dxc4 19. e5 Bd7 20. Qc2 Rfc8 21. Nf3 Bh6 22. Qe4 b3 23. Kh1 b2 24. Rab1 c3 25. Qh4 Bxe3 26. Qxe7 Bf5 27. Qf6 c2 28. e6 cxb1=Q 29. Ne5 Qxf1+ 30. Bxf1 Bxe6 0-1

[Event "EIBCC 2019"]
[Site "Tallinn"]
[Date "2019.12.07"]
[Round "5.30"]
[White "Decosse, Jean-Fabien"]
[Black "Loginov, Valery A"]
[Result "1/2-1/2"]
[WhiteElo "2185"]
[BlackElo "2376"]
[Annotator "NA"]
[PlyCount "72"]
[EventDate "2019.12.06"]
[EventType "swiss"]
[EventCountry "EST"]
[SourceTitle "playchess.com"]
[Source "ChessBase"]
[SourceQuality "1"]

1. d4 Nf6 2. c4 e6 3. Nc3 Bb4 4. e3 O-O 5. Nge2 d5 6. a3 Bd6 7. c5 Be7 8. Bd2 b6 9. b4 a5 10. Ng3 c6 11. Be2 Ba6 12. O-O Qc7 13. cxb6 Qxb6 14. Na4 Qc7 15. bxa5 Nbd7 16. Bb4 c5 17. dxc5 Nxc5 18. Nxc5 Bxc5 19. Rc1 Nd7 20. Bxa6 Rxa6 21. Qd3 Rc6 22. Ne2 Ne5 23. Qb1 Rc8 24. Rxc5 Rxc5 25. Bxc5 Qxc5 26. Rc1 Nc4 27. Qb4 h6 28. h3 Qa7 29. Nd4 Rb8 30. Nc6 Rxb4 31. Nxa7 Ra4 32. Nc6 Rxa3 33. e4 Nxa5 34. exd5 exd5 35. Ne7+ Kh7 36. Nxd5 Nb3 1/2-1/2